01425nam a2200349Ia 4500001001200000003000800012006001900020007001500039008004100054010001700095020001800112020002600130020001500156040002100171035002100192050002400213100005100237245013900288260006200427300004300489500002000532504003200552533015200584610004400736651002100780651003100801651003700832651003400869655002900903710001700932856012600949ebr10227110CaPaEBRm u cr cn|||||||||871124s1985 bccaf sb 001 0 eng d z 86172771  z9780774802451 z9780774857536 (ebook) z0774802456 aCaPaEBRcCaPaEBR a(OCoLC)24361648314aHV8157b.M64 1985eb1 aMorrison, William R.q(William Robert),d1942-10aShowing the flagh[electronic resource] :bthe Mounted Police and Canadian sovereignty in the north, 1894-1925 /cWilliam R. Morrison. aVancouver :bUniversity of British Columbia Press,c1985. axix, 220 p., [16] p. of plates :bill. aIncludes index. aBibliography: p. [209]-216. aElectronic reproduction.bPalo Alto, Calif. :cebrary,d2009.nAvailable via World Wide Web.nAccess may be limited to ebrary affiliated libraries.20aRoyal Canadian Mounted PolicexHistory. 0aCanadaxHistory. 0aCanada, NorthernxHistory. 0aCanadaxPolitics and government. 0aNorthwest, CanadianxHistory. 7aElectronic books.2local2 aebrary, Inc.40uhttp://site.ebrary.com/lib/rucke/Doc?id=10227110zAn electronic book accessible through the World Wide Web; click to view